Donatello: parte II

保存先:
書誌詳細
第一著者: Paolucci, Antonio (autor)
フォーマット: 図書
言語:スペイン語
出版事項: Buenos Aires Viscontea 1980
版:1a. ed
シリーズ:Los Grandes Escultores, 8
主題:
タグ: タグ追加
タグなし, このレコードへの初めてのタグを付けませんか!

MARC

LEADER 00000nam a2200000 a 4500
001 UCJ9579
003 CL-VaPUC
008 070323e19800000AG |||||||||||||||||spa|d
082 0 4 |a 730.92  |b PAO  |2 21 
100 |a Paolucci, Antonio  |e autor  |9 519580 
245 1 0 |a Donatello: parte II 
250 |a 1a. ed 
300 |a 16 p 
942 |c BK 
945 |d 20070323 00:00:00  |a cmena 
260 |a Buenos Aires  |b Viscontea  |c 1980 
600 0 7 |a DONATELLO  |2 CL-VaPUC  |9 265681 
650 0 |a Escultura  |9 265737 
650 7 |a ESCULTORES ITALIANOS  |2 CL-VaPUC  |9 268616 
650 0 |a Artes visuales  |9 336870 
583 |a last modification  |c 20070323 00:00:00  |k Rodrigo Vera 
490 0 |a Los Grandes Escultores, 8 
999 |c 325037  |d 325035 
952 |0 0  |1 0  |2 ddc  |4 0  |6 730_920000000000000_PAO_1980  |7 0  |8 A  |9 405483  |a BIBART  |b BIBART  |d 2019-11-22  |i 4281357  |o 730.92 PAO 1980  |p 4281357  |r 2025-03-13  |w 2019-11-22  |y BK  |k ART